| Tag |
First Indicator |
Second Indicator |
Subfields |
| LEADER |
00000cam a22000004a 4500 |
| 001 |
in00001554813 |
| 005 |
20151022061853.0 |
| 008 |
981207s1999 paua c b 001 0 eng |
| 010 |
|
|
|a 98053702
|
| 020 |
|
|
|a 0791049558 (HC)
|
| 035 |
|
|
|a (OCoLC)ocm40521243
|
| 040 |
|
|
|a DLC
|c DLC
|d C#P
|d PGC
|d ZQP
|d UtOrBLW
|
| 042 |
|
|
|a pcc
|a lcac
|
| 043 |
|
|
|a n-us---
|
| 049 |
|
|
|a TXAM
|
| 050 |
0 |
0 |
|a HV6626.52
|b .C65 2000
|
| 082 |
0 |
0 |
|a 362.76/0973
|2 21
|
| 100 |
1 |
|
|a Connelly, Elizabeth Russell.
|
| 245 |
1 |
0 |
|a Child abuse and neglect :
|b examining the psychological components /
|c Elizabeth Russell Connelly.
|
| 264 |
|
1 |
|a Philadelphia :
|b Chelsea House,
|c 2000.
|
| 300 |
|
|
|a 93 pages :
|b illustrations ;
|c 24 cm.
|
| 336 |
|
|
|a text
|b txt
|2 rdacontent
|
| 337 |
|
|
|a unmediated
|b n
|2 rdamedia
|
| 338 |
|
|
|a volume
|b nc
|2 rdacarrier
|
| 490 |
1 |
|
|a Encyclopedia of psychological disorders
|
| 504 |
|
|
|a Includes bibliographical references (pages 83-85) and index.
|
| 520 |
|
|
|a Discusses the nature, history, and causes of child abuse and neglect and the impact of this problem on society.
|
| 505 |
0 |
|
|a Introduction / by Carol C. Nadelson -- Child abuse and neglect : an overview -- What is child abuse? -- History of child abuse -- How are victims affected? -- Who abuses children and why? -- Sexual abusers and their victims -- The impact on society -- Treatment and prevention.
|
| 650 |
|
0 |
|a Child abuse
|z United States
|v Juvenile literature.
|
| 650 |
|
0 |
|a Abused children
|z United States
|x Juvenile literature.
|
| 650 |
|
1 |
|a Child abuse.
|
| 800 |
1 |
|
|a Connelly, Elizabeth Russell.
|t Encyclopedia of psychological disorders.
|
| 994 |
|
|
|a E0
|b TXA
|
| 948 |
|
|
|a cataloged
|b h
|c 2002/4/1
|d c
|e bwalker
|f 12:24:20 pm
|
| 999 |
|
|
|a MARS
|
| 999 |
f |
f |
|s f5cf2895-ec3f-380c-a5d8-495a2e969e8a
|i b62e85f4-f128-3a63-a860-9bb59633f26e
|t 0
|
| 952 |
f |
f |
|p ric
|a Texas A&M University
|b Rellis Campus
|c Joint Library Facility
|d Remote Storage
|t 0
|e HV6626.52 .C65 2000
|h Library of Congress classification
|i unmediated -- volume
|m A14828726392
|
| 998 |
f |
f |
|a HV6626.52 .C65 2000
|t 0
|l Remote Storage
|